|
|
|
|
| LEADER |
02012nam a22004093i 4500 |
| 001 |
EBC7150357 |
| 003 |
MiAaPQ |
| 005 |
20231204023228.0 |
| 006 |
m o d | |
| 007 |
cr cnu|||||||| |
| 008 |
231204s2023 xx o ||||0 eng d |
| 020 |
|
|
|a 9780472902927
|q (electronic bk.)
|
| 020 |
|
|
|z 9780472075546
|
| 035 |
|
|
|a (MiAaPQ)EBC7150357
|
| 035 |
|
|
|a (Au-PeEL)EBL7150357
|
| 035 |
|
|
|a (OCoLC)1351843146
|
| 040 |
|
|
|a MiAaPQ
|b eng
|e rda
|e pn
|c MiAaPQ
|d MiAaPQ
|
| 082 |
0 |
|
|a 331.02
|
| 100 |
1 |
|
|a Greer, Scott L.
|
| 245 |
1 |
0 |
|a Putting Federalism in Its Place :
|b The Territorial Politics of Social Policy Revisited.
|
| 250 |
|
|
|a 1st ed.
|
| 264 |
|
1 |
|a Ann Arbor :
|b University of Michigan Press,
|c 2023.
|
| 264 |
|
4 |
|c ©2023.
|
| 300 |
|
|
|a 1 online resource (253 pages)
|
| 336 |
|
|
|a text
|b txt
|2 rdacontent
|
| 337 |
|
|
|a computer
|b c
|2 rdamedia
|
| 338 |
|
|
|a online resource
|b cr
|2 rdacarrier
|
| 505 |
0 |
|
|a Intro -- Contents -- List of Illustrations -- Acknowledgments -- Chapter 1. Why Should We Care about Federalism? -- Chapter 2. Federalism, Territorial Politics, and Identities -- Chapter 3. Interests, Nationalism, Regionalism, and Jurisdictionalism -- Chapter 4. How Policies and Legacies Matter -- Chapter 5. Federalism, Institutions, and Parties -- Chapter 6. How to Analyze Federalism -- References -- Index.
|
| 588 |
|
|
|a Description based on publisher supplied metadata and other sources.
|
| 590 |
|
|
|a Electronic reproduction. Ann Arbor, Michigan : ProQuest Ebook Central, 2023. Available via World Wide Web. Access may be limited to ProQuest Ebook Central affiliated libraries.
|
| 655 |
|
4 |
|a Electronic books.
|
| 700 |
1 |
|
|a Béland, Daniel.
|
| 700 |
1 |
|
|a Lecours, André.
|
| 700 |
1 |
|
|a Dubin, Kenneth A.
|
| 776 |
0 |
8 |
|i Print version:
|a Greer, Scott L.
|t Putting Federalism in Its Place
|d Ann Arbor : University of Michigan Press,c2023
|z 9780472075546
|
| 797 |
2 |
|
|a ProQuest (Firm)
|
| 856 |
4 |
0 |
|u https://ebookcentral.proquest.com/lib/matrademy/detail.action?docID=7150357
|z Click to View
|